Заметки А. Ф. Кони по вопросу об ответственности врача за отказ в медицинской помощи нуждающимся в ней

Доступно только в Электронных читальных залах Найти на картеНа карте
RUSMARC
00003960nac2a22002651x 450
001a757bffa-7a21-419f-9027-e9e144e9e1aa
00520131008080524.0
100##$a20130529l1927 k y0rusy50 ca
1010#$arus
102##$aRU
105##$ay z |||||
2001#$aЗаметки А. Ф. Кони по вопросу об ответственности врача за отказ в медицинской помощи нуждающимся в ней
$j[19--]
215##$a7 листов
251##$cДело
300##$aЧерновик
300##$aЗаголовок дела на папке: Заметки А. Ф. Кони по вопросу об ответственности врача за отказ оказать медицинскую помощь нуждающимся в ней
300##$aЧасть документа рукописная, часть напечатана типографским способом
330##$aДокументальные материалы, отложившиеся в результате творческой деятельности А. Ф. Кони; Труды А. Ф. Кони по юридическим вопросам
461#0$10013a54f2e3-e9cf-409b-80fa-f0a9bd3c40cb
$12001
$aКони Анатолий Федорович, юрист, литератор, член академии наук, председатель Санкт-Петербургского окружного суда, член государственного совета
$1251
$cФонд
$1852
$j564
462#0$100178a475cd-a47d-4377-bff3-cee4b81de655
$12001
$aОпись дел фонда А. Ф. Кони за 1880-1931 гг.
$1251
$cОпись
$1852
$j1
517##$aЗаметки А. Ф. Кони по вопросу об ответственности врача за отказ оказать медицинскую помощь нуждающимся в ней
600#1$aКони
$bА. Ф.
$f1844-1927
$gАнатолий Федорович
801#0$aRU
$bGA_RF
801#1$aRU
$bНПО Опыт
$c20130529
$2rusmarc
801#2$aRU
$bПБ им. Б.Н. Ельцина
$c20131008
$gRCR
$2rusmarc
852##$aГА РФ
$j44
937##$d38162170
$hПБ
035##$aRuPRLIB51001043
Формат отображения